[Event "FRA-ch U08 Girls"]
[Site "Le Grand Bornand"]
[Date "2007.04.??"]
[Round "8"]
[White "Barbaras, Julie"]
[Black "Robert, Perrine"]
[Result "1-0"]
[WhiteElo "1060"]
[BlackElo "1110"]
[PlyCount "31"]
[EventDate "2007.04.07"]
[EventType "swiss"]
[EventRounds "9"]
[EventCountry "FRA"]
[SourceTitle "CBM 118 Extra"]
[Source "ChessBase"]
[SourceDate "2007.07.04"]
[SourceVersion "1"]
[SourceVersionDate "2007.07.04"]
[SourceQuality "1"]

1. e4 e5 2. Nf3 Nc6 3. Bc4 d6 4. Nc3 h5 5. d3 Rh6 6. Bxh6 Nxh6 7. h3 Bd7 8. Qd2 f6 9. Nh4 Qb8 10. Qe2 Nf7 11. Qxh5 a6 12. Qxf7+ Kd8 13. Qxf8+ Be8 14. Qxg7 Qa7 15. Be6 Nb4 16. Qxf6# 1-0

[Event "FRA-ch U08 Girls"]
[Site "Le Grand Bornand"]
[Date "2007.04.??"]
[Round "5"]
[White "Brin Vervat, Emma"]
[Black "Barbaras, Julie"]
[Result "0-1"]
[WhiteElo "1120"]
[BlackElo "1060"]
[PlyCount "32"]
[EventDate "2007.04.07"]
[EventType "swiss"]
[EventRounds "9"]
[EventCountry "FRA"]
[SourceTitle "CBM 118 Extra"]
[Source "ChessBase"]
[SourceDate "2007.07.04"]
[SourceVersion "1"]
[SourceVersionDate "2007.07.04"]
[SourceQuality "1"]

1. e4 e5 2. Bc4 Nf6 3. Nc3 Nc6 4. Nf3 Bc5 5. d3 0-0 6. Bg5 h6 7. Bh4 d6 8. a3 Bg4 9. b4 Bb6 10. h3 Bh5 11. Nd5 Nxd5 12. Bxd5 Qd7 13. Rb1 Nd4 14. g4 Bxg4 15. hxg4 Qxg4 16. c3 Nxf3+ 0-1